000 00266nam a2200097Ia 4500
008 200302s9999 xx 000 0 und d
100 _aKyoto Shoin
245 _aWorld Testile Collection 11 Casual Geometric
260 _bKyoto Shon International Co. Ltd.
260 _c1992
999 _c2233
_d2233